Understanding pathophysiology / (Record no. 122286)
[ view plain ]
| 000 -LEADER | |
|---|---|
| fixed length control field | 01092cam a2200313Ii 4500 |
| 003 - CONTROL NUMBER IDENTIFIER | |
| control field | OSt |
| 005 - DATE AND TIME OF LATEST TRANSACTION | |
| control field | 20251217100515.0 |
| 008 - FIXED-LENGTH DATA ELEMENTS--GENERAL INFORMATION | |
| fixed length control field | |
| 020 ## - INTERNATIONAL STANDARD BOOK NUMBER | |
| International Standard Book Number | 9780323370455 (Paperback) |
| 040 ## - CATALOGING SOURCE | |
| Original cataloging agency | NUST |
| Transcribing agency | NUST |
| Language of cataloging | eng |
| Modifying agency | NUST |
| Description conventions | rda |
| 050 ## - LIBRARY OF CONGRESS CALL NUMBER | |
| Classification number | RB113 UND |
| 245 00 - TITLE STATEMENT | |
| Title | Understanding pathophysiology / |
| Statement of responsibility, etc. | edited by Sue E. Huether and Kathryn L. McCance ; prepared by Linda Felver. |
| 250 ## - EDITION STATEMENT | |
| Edition statement | Sixth edition. |
| 260 ## - PUBLICATION, DISTRIBUTION, ETC. | |
| Place of publication, distribution, etc. | St. Louis, Missouri : |
| Name of publisher, distributor, etc. | Elsevier, |
| Date of publication, distribution, etc. | ©2017. |
| 300 ## - PHYSICAL DESCRIPTION | |
| Extent | vii, 300 pages : |
| Other physical details | Illustrations ; |
| Dimensions | 28 cm. |
| 336 ## - CONTENT TYPE | |
| Content type term | text |
| Content type code | txt |
| Source | rdacontent |
| 337 ## - MEDIA TYPE | |
| Media type term | unmediated |
| Media type code | n |
| Source | rdamedia |
| 338 ## - CARRIER TYPE | |
| Carrier type term | volume |
| Carrier type code | nc |
| Source | rdacarrier |
| 504 ## - BIBLIOGRAPHY, ETC. NOTE | |
| Bibliography, etc. note | [ ] |
| 650 #0 - SUBJECT ADDED ENTRY--TOPICAL TERM | |
| Topical term or geographic name entry element | Physiology, Pathological |
| Form subdivision | Problems, exercises, etc. |
| 650 #0 - SUBJECT ADDED ENTRY--TOPICAL TERM | |
| Topical term or geographic name entry element | Physiology, Pathological |
| General subdivision | Study and teaching. |
| 650 #2 - SUBJECT ADDED ENTRY--TOPICAL TERM | |
| Topical term or geographic name entry element | Pathology. |
| 650 #2 - SUBJECT ADDED ENTRY--TOPICAL TERM | |
| Topical term or geographic name entry element | Disease. |
| 650 #2 - SUBJECT ADDED ENTRY--TOPICAL TERM | |
| Topical term or geographic name entry element | Physiology. |
| 700 1# - ADDED ENTRY--PERSONAL NAME | |
| Personal name | Huether, Sue E. |
| Relator term | Editor |
| 700 1# - ADDED ENTRY--PERSONAL NAME | |
| Personal name | McCance, Kathryn L. |
| Relator term | Editor |
| 700 1# - ADDED ENTRY--PERSONAL NAME | |
| Personal name | Felver, Linda |
| Relator term | Preparer |
| 942 ## - ADDED ENTRY ELEMENTS (KOHA) | |
| Koha item type | Ordinary Loan Books |
| Call number prefix | RB |
| Call number suffix | UND |
| Source of classification or shelving scheme | Library of Congress Classification |
| Edition | Sixth edition. |
| Classification part | RB113 UND |
| Suppress in OPAC | No |
| Withdrawn status | Lost status | Source of classification or shelving scheme | Damaged status | Not for loan | Collection | Home library | Current library | Shelving location | Date acquired | Source of acquisition | Cost, normal purchase price | Total Checkouts | Full call number | Barcode | Date last seen | Accession number | Cost, replacement price | Price effective from | Koha item type | Public note |
|---|---|---|---|---|---|---|---|---|---|---|---|---|---|---|---|---|---|---|---|---|
| LCC | NFIC | MAIN | MAIN | GEN | 04/02/2025 | Book Aid International | 25.00 | RB113 UND | 92004054975 | 04/02/2025 | 62034 | 25.00 | 04/02/2025 | BOOKS | ||||||
| LCC | NFIC | MAIN | MAIN | GEN | 04/02/2025 | Book Aid International | 25.00 | RB113 UND | 92004054959 | 04/02/2025 | 62035 | 25.00 | 04/02/2025 | BOOKS | Donation | |||||
| LCC | NFIC | MAIN | MAIN | GEN | 04/02/2025 | Book Aid International | 25.00 | RB113 UND | 92004055192 | 04/02/2025 | 62036 | 25.00 | 04/02/2025 | BOOKS | Donation | |||||
| LCC | NFIC | Medical | Medical | GEN | 01/23/2023 | Book Aid International | 25.00 | RB113 UND | 92004052461 | 01/23/2023 | 62249 | 25.04 | 01/23/2023 | BOOKS | Donation | |||||
| LCC | NFIC | Medical | Medical | GEN | 02/14/2025 | Book Aid International | 25.00 | RB113 UND | 92004055826 | 02/14/2025 | 25.04 | 02/14/2025 | BOOKS | Donation | ||||||
| LCC | NFIC | Medical | Medical | GEN | 03/04/2025 | Book Aid International | 25.00 | RB113 UND | 92004054958 | 03/04/2025 | 62033 | 25.00 | 03/04/2025 | BOOKS | Donation | |||||
| LCC | NFIC | Medical | Medical | GEN | 12/17/2025 | Book Aid International | 25.00 | RB113 UND | 92004054750 | 12/17/2025 | 62090 | 25.00 | 12/17/2025 | BOOKS | Donation |